IEP Lyon - CF Histoire 1870 (5) - Statistiques

Statistiques générales
  • Ce quiz a été pris 47 fois
    45 depuis la dernière actualisation
  • Le résultat moyen est 29 sur 46
Statistiques - réponses
Hint Réponse % Correct
Immigration : ..M d'entrées de migrants en 1881 (provenance : Italie 36%, Belgique 24%, Espagnols 9% en 1911). Emplois dans les branches industrielles difficiles, insalubres. 1
94%
La taille des familles ... (2 enfants en 1914) --> le travail des enfants étant progressivement interdit, les enfants ne sont plus des compléments de revenus, ils coûtent plus qu'il ne rapportent. diminue
89%
Une homogénéité autour du français n'existe pas au début de la 3ème république. En 1863, .. élèves sur 10 ne parlent pas français. (8381 communes sur 37k) --> changement progressif avec les lois scolaires. * Anthropologue Gemmet, en 1911 écrit que pour les paysans et les ouvriers, la langue maternelle est le patois et la langue étrangère est le français. * 1882, Maupassant qui voyage en Bretagne, explique que pendant une semaine entière, on ne rencontre pas une seule personne qui parle un mot de français. 1
83%
La population française passe de 36.1M en 1872 à ...M en 1911 Flambée du nombre de divorces après le vote de la loi de 1884. 39.6
83%
La France reste une puissance exportatrice notamment pour les produits de ... (alcools, articles de Paris, textiles, parfumerie) luxe
83%
On a aussi une harmonisation des mesures du ... et de l'... : (écrire un des deux mots) - Conférence de Washington en 1884 (fuseaux horaires avec le méridien de Greenwich) que la France adopte en 1911- Mètre imposé depuis 1837 (mais pas homogène) - Franc germinal de 1803 temps / espace
83%
...% de la population en 1872 habite en ville (communes de plus de 2k habitants) mais les grandes villes restent peu nombreuses (16 villes de plus de 100k habitants en 1911), Paris domine le réseau urbain (qui se modifie peu) 31
78%
Avant les 1870s, on parle d’étrangers (terme neutre) et non d’immigrés. Ils n’ont pas de droit civique et ne constitue pas une préoccupation particulière car ces droits civiques sont très limités jusqu’à la IIIème République. D'après la Constitution de 1791, un étranger doit résider sur le territoire français depuis au moins .... ans et y détenir des biens ou avoir épousé une Française pour obtenir la nationalité. 5
78%
En 1896 : ...% de la population vit dans les campagnes (et 41.5% vivent de l'agriculture) -> les chiffres ont peu changé depuis 1875. 61
78%
La hiérarchie est dominée par l'.., la grande ... (quelques milliers d'individus qui partagent certains traits distinctifs et des modes de sociabilité particuliers) (écrire un des deux mots) aristocratie / bourgeoisie
78%
Des revendications féministes anciennes (1848 droit de vote universel masculin). La ... de Paris a donné un rôle important aux femmes mais la figure de la pétroleuse (femme incendiaire) est dénoncée par les Versaillais, ce qui discrédite ces revendications d'égalité politique pendant deux décennies. Commune
78%
Sa puissance financière stable permet des investissements ... massifs (45% des investissements français se font à l'... : moitié en Europe notamment la Russie) extérieurs / étranger
78%
Une agriculture encore ancienne : un poids important de la grande propriété aristocratique, bourgeoise (1892 : 4% des propriétés font plus de 40 ha et représentent 47% de la superficie). Spécificité française de la ... propriété dont les propriétaires constituent le socle de la République opportuniste. (Gambetta s'adresse à eux) petite
78%
Cette haute société possède aussi un pouvoir ... (avec des grands groupes familiaux comme les Schneider ou les Wendel) économique
72%
Cette loi est le point de départ de mesures de contrôle qui obéissent à une logique de surenchère : - décret du 2 octobre 1888 qui impose le papier d'... au travailleur étranger (inscrit dans un registre, impôt spécial) - loi du 8 août 1893: étrangers désirant travailler en France doivent effectuer une déclaration de résidence en mairie. - 1912 : "carnet anthropométrique d'identité" pour dénoncer le vagabondage identité
72%
- Droits civils : les femmes sont considérées comme ... d'exercer leurs droits civils (soumises à l'autorité du père, le mari doit surveiller la conduite de son épouse). Valorisation de la famille légitime, inégalité des peines, droit du père absolu sur l'enfant... incapables
72%
Une société bloquée ? - Amélioration du niveau de vie moyen (alimentation, logement..) mais l'ascension sociale reste ... et ... (déchéance sociale possible) (écrire un des deux mots) longue / difficile
72%
La bourgeoisie est l'équivalent du haut de la classe ... aujourd'hui : instruits, diplômés --> professions libérales, médecins... moyenne
72%
Inégalités homme-femme sous la 3ème République : - Education : la loi Sée du 21 décembre ... ouvre les lycées et collèges féminins mais la situation change lentement. Il faut attendre 1902 pour avoir le même baccalauréat entre les hommes et les femmes. 1881
67%
Mais il s'agit surtout d'une recomposition : modernisation avec la diffusion de pratiques nouvelles (engrais) malgré une ... lente (vise surtout à remplacer une main d'œuvre qui coûte plus cher) mécanisation
67%
11 janvier 1892 : tarifs ... qui visent à augmenter les droits de douane, et qui institue deux niveaux de droits : les droits appliqués à toute marchandise sans considération de leur provenance, droits moins élevés pour les pays avec lesquels la France a des accords commerciaux. Méline
67%
Pour les flux commerciaux, la France est contrainte par la politique ... adoptée à partir des années 1890s. La croissance des exportations ralentit et la France devient la 4ème puissance commerciale mondiale. protectionniste
67%
- Travail : 1874 interdiction travail souterrain pour les femmes et les enfants et 1892 interdiction du travail de nuit --> ces lois aboutissent à des inégalités ... justifiées par le fait que les femmes effectuent moins de travail salariales
67%
Mais il y a de nouvelles formes de mobilité : - mobilités ... : accélérées par le dvp des transports et de l'instruction, premiers globes-trotters (Edmond Cotteau, tour du monde en un an entre 1887-8); encadrement par des organisations, démocratisation très relative de la pratique (quelques dizaines de milliers de gens en 1914) touristiques
67%
La configuration de la nationalité change après l'instauration du service militaire en 1872 : la loi du 26 juin .... définit les cadres de l'obtention de la citoyenneté (conditions larges mais établit une distinction nette entre les citoyens Français / non-Français) 1889
61%
Pas de "révolution industrielle" mais d'autres concepts de proto-industrialisation ou d'industrie aux champs.
- Système de l'...: division des tâches et coopération entre des unités de
production qui assurent la fabrication. Coordination par un donneur d'ordre (un
simple intermédiaire, ou alors le détenteur d'une partie des instruments de
production). - Système de la fabrique: exemple de la soierie lyonnaise.
atelier
61%
Le monde de l'agriculture est en ... : ouverture aux marchés internationaux, ce qui fait baisser les prix (blé divisé par 2 entre 1860 et 1890) et baisser les revenus agricoles. L'impact des maladies agricoles comme le phylloxera dans les vignes en 1876 est important --> augmentation des tarifs douanier (ex : 1880 sur les produits manufacturés) crise
61%
- mobilités ... (universités françaises attirent de plus en plus d'étrangers : 500 en 1898, 6k en 1914). Diplomatie universitaire; propagation des normes scientifiques françaises; bourses ("Autour du monde" par Albert Kahn entre 1898 et 1930) étudiantes
61%
En 1879, le plan ... impose l’égalité des territoires, aux compagnies de construire une partie du réseau local sur 12 ans ce qui permet la construction de 11000 km de nouvelles lignes d'intérêt général sur 12 ans, financé par emprunt. Aménagement des ports et voies navigables aussi prévu. Freycinet
61%
- Conditions de travail très variables: pas de temps de travail homogène, modes de
rémunération variés.
- Modèle ... s'impose tard, et il ne se généralise pas. Autour des mines et dans
certains secteurs (sidérurgie et industrie lourde, chimie et électricité). Espace
usinier: clôture, mise en ordre du temps, organisation des tâches en fonction des
machines, hiérarchie qui superpose les fonctions d'encadrement.
usinier
61%
La France est une puissance culturelle grâce aux progrès des ... : télégraphe électrique dans les années 1870, téléphone breveté en 1876, câbles sous-marins... --> dvp des agences de presse (Havas en 1835) --> dvp de la francophonie (1883 alliance française) communications
56%
Chronologie de l'industrie française : - 1870-1882 : période de ... - 1882-1886 : crise après le krach de l'Union générale (janvier 1882), dépression, chômage - tendance se renverse à partir de 1886 croissance
56%
La "couche nouvelle" est constituée d'... et de petits ... entrepreneurs / commerçants
56%
La population française est tissée par les ... à la fois internationales et d'autres plus locales (ex : Allemands venus de Hesse qui travaillent à Paris; fileuses italiennes en Isère..) migrations
56%
Les (réponse précédente) du ... deviennent massives dès les années 1880-1890 (à la fois pour la main d'œuvre industrielle, les milieux agricoles ou le monde du petit commerce) travail
56%
La France est un pays d'... plus qu'un pays de [inverse] : 1914 : 900k français à l'étranger et 1,16M d'étrangers vivent en France (2.9% de la population) accueil
50%
Exemple de violences xénophobes : - vêpres marseillaises en 1881 - massacre des Italiens à ...-... en 1893 - expulsion des Belges à Lens en 1892 Aigues-Mortes
50%
Les structures de la fortune restent ... malgré les inégalités importantes : la moitié des Français laisse un héritage au début du XXe siècle. 85% des successions sont inférieures à 10.000 francs et représentent 15% de la valeur totale. stables
50%
L'industrie représente 36% du revenu national et ...% de la production globale en 1910. La croissance s'accélère : de 1,32% par an entre 1880 et 1885 à 4,6% par an entre 1905 et 1910. 49
44%
Cette structure des campagnes et la stabilité des modes d’exploitation est au fondement des ... politiques enracinés (cf Siegfried qui théorise cela avec la géographie électorale) comportements
44%
2 lignes de lutte d'émancipation féminine difficilement compatible : - egalitarisme : égalité de droits H et F (passe par lois) - ... : H et F doivent avoir des droits différents dualisme
44%
La France est une puissance financière encore importante : arrimage à l'étalon or, les banques françaises ont suffisamment d'encaisse étatique (taux de couverture de ..%) pour garantir la stabilité du franc, différenciant banques de dépôt/d'affaires. 60
39%
1893 : l'état se réserve le droit de refuser la naturalisation aux étrangers jugés ... sans préciser ce qu’être ... (2 fois le même mot) --> tensions, imprécision qui permet à l'Etat républicain d'utiliser l'immigration comme un levier. indigne
39%
Cette homogénéisation est permise par les ... : loi 1881 pour favoriser la construction des routes rurales; 1842 plan du chemin de fer en étoile autour de Paris transports
39%
1848 : suffrage universel, les étrangers naturalisés peuvent voter -> la 3ème République impose une .. préalable de moralité du demandeur pour valider sa naturalisation. enquête
33%
Quel auteur parle d'un chrononyme de Belle Epoque avec un palimpseste de 4 couches ? Dominique Kalifa
22%
Aucun quiz correspondant
Distribution des résultats
% des personnes avec chaque résultat
Percentile par nombre de réponses
Votre historique - résultats
Vous n’avez pas pris ce quiz depuis la dernière actualisation